al-Muṣṭalaḅāt al-Jughrāfiyah. (Record no. 50425)

MARC details
000 -LEADER
fixed length control field 00682cam a22002291 4500
001 - CONTROL NUMBER
control field ne 68002054
003 - CONTROL NUMBER IDENTIFIER
control field DLC
005 - DATE AND TIME OF LATEST TRANSACTION
control field 20260227111842.0
008 - FIXED-LENGTH DATA ELEMENTS--GENERAL INFORMATION
fixed length control field 890911s1965 xx 000 0 ara
010 ## - LIBRARY OF CONGRESS CONTROL NUMBER
LC control number ne 68002054
035 ## - SYSTEM CONTROL NUMBER
System control number (OCoLC)23493066
040 ## - CATALOGING SOURCE
Original cataloging agency DLC
Transcribing agency MiU
Modifying agency DLC
042 ## - AUTHENTICATION CODE
Authentication code premarc
050 00 - LIBRARY OF CONGRESS CALL NUMBER
Classification number G108.A7
Item number U4
110 1# - MAIN ENTRY--CORPORATE NAME
Corporate name or jurisdiction name as entry element United Arab Republic.
Subordinate unit al-Majlis al-Aʻlā li-Riʻāyat al-Funūn wa-al-Ādāb wa-al-ʻUlūm al-Ijtimāʻīyah.
245 13 - TITLE STATEMENT
Title al-Muṣṭalaḅāt al-Jughrāfiyah.
260 ## - PUBLICATION, DISTRIBUTION, ETC.
Date of publication, distribution, etc. 1965
300 ## - PHYSICAL DESCRIPTION
Extent 13, 138 p.
Dimensions 24 cm.
490 0# - SERIES STATEMENT
Series statement #
650 #0 - SUBJECT ADDED ENTRY--TOPICAL TERM
Topical term or geographic name entry element Geography
General subdivision Dictionaries
-- Arabic.
650 #0 - SUBJECT ADDED ENTRY--TOPICAL TERM
Topical term or geographic name entry element English language
General subdivision Dictionaries
-- Arabic.

No items available.

Powered by Koha